000
00272nam a2200109Ia 4500
008
200302s9999 xx 000 0 und d
100
_a
Philip Cox & Others
245
_a
Cox Architects Planners
260
_b
Images Publishing Group Ltd.
260
_c
2008
300
_a
351 P.,
999
_c
2880
_d
2880